00790nam a2200193 a 450000100100000000500170001000800410002704000250006808200140009310000540010724500840016125000110024526000560025630000280031270000320034070000220037295201850039499900170057900003589820200930074713.0111115s19uu ru a 000 0 spa d aDO-SdBNPbspacBNPHU axxxbT1881 aTarle, Evgeniiï Viktorovich,d1874-1955.96189410aNapoleón /cE. Tarlé ; traduit du J. Champenois ; Presentation de D. Bisti. a2a ed. aMoscou :bEditions en langues etrangeres,c[19--?]. a590 p. :bil. ;c21 cm.1 aChampenois, J.,etr.9618951 aBisti, D.,961896 001050718RVaGRbGRcCTd2011-11-18iLF1l0oxxx T188p35898-10r2020-06-25w2020-06-25y1zPerteneció a la biblioteca personal de Juan Isidro Jimenes- GrullónZNo se presta c35389d35389